Knowledge and Curriculum/ (Record no. 190302)

MARC details
000 -LEADER
fixed length control field 00533nam a22001817a 4500
005 - DATE AND TIME OF LATEST TRANSACTION
control field 20220721155417.0
010 ## - LCCN (DPL NO)
LC control number ENG-133817
020 ## - INTERNATIONAL STANDARD BOOK NUMBER
Terms of availability 285.00
International Standard Book Number 9789390082179
035 ## - SYSTEM CONTROL NUMBER
System control number EN-117349
037 ## - SOURCE OF ACQUISITION
Source of stock number/acquisition DBAD/PUB
082 ## - DEWEY DECIMAL CLASSIFICATION NUMBER
Classification number 378.007
100 ## - MAIN ENTRY--PERSONAL NAME
Personal name Tholappan .A
245 ## - TITLE STATEMENT
Title Knowledge and Curriculum/
Statement of responsibility, etc A. Tholappan
260 ## - PUBLICATION, DISTRIBUTION, ETC. (IMPRINT)
Place of publication, distribution, etc Tamil Nadu,
Name of publisher, distributor, etc Shanlax Publication
Date of publication, distribution, etc 2020
270 ## - ADDRESS
Address 61, 66 T.P.K Main Road Vasantha Nagar
City Tamil Nadu
300 ## - PHYSICAL DESCRIPTION
Extent 222p.
Dimensions 23cm(pbk)
Other physical details preface
942 ## - ADDED ENTRY ELEMENTS (KOHA)
Source of classification or shelving scheme Dewey Decimal Classification
Item type English Books
Classification part 378.007
Call number suffix THO
Holdings
Withdrawn status Lost status Not for loan Collection code Home library Current library Date acquired Source of acquisition Cost, normal purchase price Full call number Barcode Copy number Cost, replacement price Koha item type
      Non-fiction Bawana Bawana 21/07/2022 DBAD/PUB 285.00 378.007 THO EN-117349 1 285.00 English Books

© Delhi Public Library
Hit Counter
free hit counter